[Event "Wroclaw Anderssen Memorial op-B"]
[Site "Wroclaw"]
[Date "2023.??.??"]
[Round "7"]
[White "Matela, Krzysztof"]
[Black "Rajda, Krystian"]
[Result "1-0"]
[WhiteElo "1660"]
[BlackElo "1803"]
[PlyCount "79"]
[EventDate "2023.08.06"]
[EventType "swiss"]
[EventRounds "9"]
[EventCountry "POL"]
[SourceTitle "EXT 2024"]
[Source "ChessBase"]
[SourceDate "2023.10.10"]
[SourceVersion "1"]
[SourceVersionDate "2023.10.10"]
[SourceQuality "1"]

1. e4 c5 2. Nc3 Nc6 3. Nge2 Nf6 4. g3 d6 5. Bg2 e5 6. 0-0 Be7 7. d3 Rb8 8. h3 b5 9. f4 h6 10. Be3 Nd4 11. Qd2 a6 12. Nd1 Bb7 13. Nf2 Qc7 14. c3 Nxe2+ 15. Qxe2 0-0 16. d4 exd4 17. cxd4 Rfe8 18. d5 Bd8 19. Qf3 Qe7 20. Bd2 Bb6 21. Rfe1 c4 22. Kh1 a5 23. a3 Bc5 24. Bxa5 Ba8 25. Bc3 Qa7 26. Ng4 Nh5 27. Nxh6+ gxh6 28. Qxh5 Bd4 29. Qxh6 Bxc3 30. bxc3 Qf2 31. Qg5+ Kh8 32. Qh5+ Kg7 33. Qg4+ Kh8 34. Qf3 Qb2 35. e5 dxe5 36. fxe5 Re6 37. Qxf7 Rh6 38. Qf4 Kg7 39. e6 Rbh8 40. Qf7# 1-0